| 000 | 00912nam a2200229 a 4500 | ||
|---|---|---|---|
| 001 | BRL_1018 | ||
| 005 | 20190320211010.0 | ||
| 008 | 311013s1973----mx-a######---#000-0#spa-# | ||
| 041 | _aspa | ||
| 044 | _amx | ||
| 050 | 4 |
_aF1386.3 _b.O76 1973 |
|
| 100 | 1 |
_aOrozco y Berra, Manuel _d1816-1881 _9539 |
|
| 245 | 1 | 0 |
_aHistoria de la Ciudad de México _bdesde su fundación hasta 1854 _cSelección de artículos de Manuel Orozco y Berra publicados en el diccionario Universal de Historia y geografía (1854), preparada por el seminario de Historia Urbana del Departamento de Investigaciones Históricas del INAH. |
| 260 |
_aMéxico _bSecretaría de Educación Pública _c1973 |
||
| 300 |
_a188 p. _bil. _c17 cm. |
||
| 440 | 0 |
_aSepsetentas _922717 |
|
| 500 | _aAu1106 | ||
| 651 | 4 |
_aCuidad de México _xHistoria _925593 |
|
| 651 | 4 |
_aCuidad de México _xDescripciones y viajes _925594 |
|
| 902 | _aGRL | ||
| 942 |
_2lcc _cB |
||
| 999 |
_c9830 _d9830 |
||